ბათუმის შოთა რუსთაველის სახელმწიფო უნივერსიტეტის ბიბლიოთეკა

კარიბჭე №18(234).29 აგვისტო-11 სექტემბერი 2013. (ბიბ.ჩანაწერი № 41029)

000 -LEADER
fixed length control field 00856nam a2200229Ia 4500
001 - CONTROL NUMBER
control field 7678
003 - CONTROL NUMBER IDENTIFIER
control field GE_BSU
008 - FIXED-LENGTH DATA ELEMENTS--GENERAL INFORMATION
fixed length control field 181216s||||||||xx |||||||||||||| ||und||
040 ## - CATALOGING SOURCE
Transcribing agency GE_BSU
245 ## - TITLE STATEMENT
Title კარიბჭე №18(234).29 აგვისტო-11 სექტემბერი 2013.
245 ## - TITLE STATEMENT
Remainder of title მართლმადიდებლური ჟურნალი.
245 ## - TITLE STATEMENT
Statement of responsibility, etc. მთ. რედ. თ. მამაცაშვილი
260 ## - PUBLICATION, DISTRIBUTION, ETC.
Place of publication, distribution, etc. თბილისი.
260 ## - PUBLICATION, DISTRIBUTION, ETC.
Name of publisher, distributor, etc. კარიბჭე
260 ## - PUBLICATION, DISTRIBUTION, ETC.
Date of publication, distribution, etc. 2013.29 აგვისტო-11 სექტემბერი.
300 ## - PHYSICAL DESCRIPTION
Extent 78გვ;28სმ.
520 ## - SUMMARY, ETC.
Summary, etc. გამოდის ყოველ მეორე ხუთშაბათს.
653 ## - INDEX TERM--UNCONTROLLED
Uncontrolled term
653 ## - INDEX TERM--UNCONTROLLED
Uncontrolled term კარიბჭე
653 ## - INDEX TERM--UNCONTROLLED
Uncontrolled term პერიოდიკა
942 ## - ADDED ENTRY ELEMENTS (KOHA)
Koha item type პერიოდიკა
ეგზემპლარები
Withdrawn status Lost status Damaged status Not for loan Date acquired Barcode Date last seen Price effective from Koha item type
        2018-12-17 p75777 2018-12-17 2018-12-17 პერიოდიკა